Central Library OPAC University of Rajshahi

Intelligence and affectivity in early childhood : (Record no. 31403)

MARC details
000 -LEADER
fixed length control field 01213cam a22003131 4500
001 - CONTROL NUMBER
control field 31403
003 - CONTROL NUMBER IDENTIFIER
rucl marc code BD-RjUL
005 - DATE AND TIME OF LATEST TRANSACTION
control field 20211209051710.0
008 - FIXED-LENGTH DATA ELEMENTS--GENERAL INFORMATION
fixed length control field 140415t966 19651nyua b 000 0 eng
035 ## - SYSTEM CONTROL NUMBER
System control number (BD-RjUL)31490
040 ## - CATALOGING SOURCE
Original cataloging agency DLC
Transcribing agency ICU
Modifying agency ICU
-- BD-RjUL
Language of cataloging eng
041 1# - LANGUAGE CODE
Language code of text/sound track or separate title engfre
082 00 - DEWEY DECIMAL CLASSIFICATION NUMBER
Classification number 155.413
Author mark and year DEI 1965
100 2# - MAIN ENTRY--PERSONAL NAME
Personal name Gouin Décarie, Thérèse.
9 (RLIN) 95561
245 10 - TITLE STATEMENT
Title Intelligence and affectivity in early childhood :
Remainder of title an experimental study of Jean Piaget's object concept and object relations /
Statement of responsibility, etc. Foreword by Jean Piaget. Translated by Elisabeth Pasztor Brandt and Lewis Wolfgang Brandt.
260 ## - PUBLICATION, DISTRIBUTION, ETC. (IMPRINT)
Place of publication, distribution, etc. New York :
Name of publisher, distributor, etc. International Universities Press ,
Date of publication, distribution, etc. c1965
300 ## - PHYSICAL DESCRIPTION
Pagination xvi, 230 p. :
Illustrations illus. ;
Size 23 cm.
500 ## - GENERAL NOTE
General note Translation of Intelligence et affectivité chez le jeune enfant.
504 ## - BIBLIOGRAPHY, ETC. NOTE
Bibliography, etc Bibliography: p. 215-230.
600 10 - SUBJECT ADDED ENTRY--PERSONAL NAME
Personal name Piaget, Jean,
Dates associated with a name 1896-1980.
650 #0 - SUBJECT ADDED ENTRY--TOPICAL TERM
Topical term or geographic name as entry element Cognition in children.
9 (RLIN) 95562
Topical term or geographic name as entry element Object relations (Psychoanalysis)
9 (RLIN) 93266
Topical term or geographic name as entry element Emotions in children.
9 (RLIN) 139
Topical term or geographic name as entry element Intellect.
9 (RLIN) 395
942 ## - ADDED ENTRY ELEMENTS (KOHA)
Source of classification or shelving scheme Dewey Decimal Classification
Koha item type Books
Holdings
Lost status Source of classification or shelving scheme Damaged status Not for loan Collection code Permanent Location Current Location Shelving location Date acquired Source of acquisition Cost, normal purchase price Total Checkouts Full call number Date last seen Copy number Koha item type
  Dewey Decimal Classification   Not For Loan Non-fiction Central Library, University of Rajshahi Central Library, University of Rajshahi Reading Room 09/01/1970 Zitlinger 53.60   155.413 DEI 1965 15/04/2014 C-1 Books